|
|
|
|
| LEADER |
01722nam a2200421 i 4500 |
| 001 |
EBC3339874 |
| 003 |
MiAaPQ |
| 005 |
20200520144314.0 |
| 006 |
m o d | |
| 007 |
cr cnu|||||||| |
| 008 |
141023t20142014mau o 000 0 eng d |
| 020 |
|
|
|z 9780262028035
|
| 020 |
|
|
|a 9780262325929
|q (electronic bk.)
|
| 035 |
|
|
|a (MiAaPQ)EBC3339874
|
| 035 |
|
|
|a (Au-PeEL)EBL3339874
|
| 035 |
|
|
|a (CaPaEBR)ebr10953242
|
| 035 |
|
|
|a (CaONFJC)MIL650877
|
| 035 |
|
|
|a (OCoLC)892911208
|
| 040 |
|
|
|a MiAaPQ
|b eng
|e rda
|e pn
|c MiAaPQ
|d MiAaPQ
|
| 043 |
|
|
|a n-us---
|
| 050 |
|
4 |
|a HG181
|b .P477 2014
|
| 082 |
0 |
|
|a 332.0973
|2 23
|
| 245 |
0 |
0 |
|a Perspectives on Dodd-Frank and finance /
|c edited by Paul H. Schultz.
|
| 264 |
|
1 |
|a Cambridge, Massachusetts ;
|a London, England :
|b The MIT Press,
|c 2014.
|
| 264 |
|
4 |
|c 2014
|
| 300 |
|
|
|a 1 online resource (260 pages)
|
| 336 |
|
|
|a text
|2 rdacontent
|
| 337 |
|
|
|a computer
|2 rdamedia
|
| 338 |
|
|
|a online resource
|2 rdacarrier
|
| 588 |
|
|
|a Description based on print version record.
|
| 590 |
|
|
|a Electronic reproduction. Ann Arbor, MI : ProQuest, 2015. Available via World Wide Web. Access may be limited to ProQuest affiliated libraries.
|
| 610 |
1 |
0 |
|a United States.
|t Dodd-Frank Wall Street Reform and Consumer Protection Act.
|
| 650 |
|
0 |
|a Finance
|x Government policy
|z United States.
|
| 655 |
|
4 |
|a Electronic books.
|
| 700 |
1 |
|
|a Schultz, Paul H.,
|d 1956-
|e editor.
|
| 776 |
0 |
8 |
|i Print version:
|t Perspectives on Dodd-Frank and finance.
|d Cambridge, Massachusetts ; London, England : The MIT Press, c2014
|h 249 pages
|z 9780262028035
|w 2014007223
|
| 797 |
2 |
|
|a ProQuest (Firm)
|
| 856 |
4 |
0 |
|u https://ebookcentral.proquest.com/lib/matrademy/detail.action?docID=3339874
|z Click to View
|